000 00391nam a2200145Ia 4500
008 210210b1974 xxu||||| |||| 00| 0 eng d
082 _a307.76 RAOU
100 _aRAO (M S A).
245 _aUrban sociological in India: reader and source book.
260 _aNew Delhi.
_bOrient Longman Ltd.,
_c1974
300 _axii,542
650 _aUrban
690 _aUrban Sociology
906 _a032912
999 _c83983
_d83983